| 000 | 00811nam a2200205 a 4500 | ||
|---|---|---|---|
| 003 | 0 | ||
| 005 | 20250312102632.0 | ||
| 008 | 090710s19uu xx 00 eng d | ||
| 050 |
_aPHS MT 1 _b.R696 2009 |
||
| 100 | _aRodriguez, Chaselle Angela A. | ||
| 245 |
_aThe Relationship between music inclination and emotional intelligence of Grade 10 students of SISC / _cChaselle Angela A. Rodriguez. |
||
| 260 |
_aLas PiƱas City, Philippines : _bSouthville International School and Colleges, _c2009. |
||
| 300 |
_a33 pages : _billustrations ; _c28 cm. |
||
| 500 | _aOutstanding PASS Research | ||
| 504 | _aIncludes bibliographical references. | ||
| 650 |
_aMusic _xPsychological aspects. |
||
| 650 |
_aMusic _xInstruction and study _vPsychological aspects. |
||
| 650 | _aEmotional intelligence. | ||
| 942 |
_2lcc _cPASS |
||
| 999 |
_c98271 _d98271 |
||